Connecteurs Logiques - Statistiques

Statistiques générales
  • Ce quiz a été pris 166 fois
  • Le résultat moyen est 9 sur 77
Statistiques - réponses
Connecteurs Logiques Réponse % Correct
Addition Et
73%
Cause Par
65%
Conclusion Donc
63%
Addition De plus
59%
Alternative Ou
59%
Cause Car
58%
Cause Parce que
47%
Cause Comme
44%
Comparaison Comme
44%
Conclusion Ainsi
37%
Addition Puis
37%
Conclusion Enfin
35%
Conclusion Pour conclure
26%
Addition En outre
20%
Conclusion Finalement
19%
Cause Puisque
18%
Cause En effet
17%
Conclusion En conclusion
16%
But Pour que
15%
Quel que soit Malgré
12%
Conclusion Par conséquent
12%
Alternative Ou bien
11%
But Afin que
10%
Quel que soit Alors que
10%
Quel que soit Bien que
10%
Quel que soit Quel que soit
9%
Comparaison Ainsi que
8%
Conclusion En somme
6%
Quel que soit Même si
6%
Comparaison Moins que
6%
Comparaison Plus que
6%
Alternative Soit soit
6%
Quel que soit Toutefois
5%
Comparaison Autant que
4%
Quel que soit Certes
4%
Cause Effectivement
4%
Conclusion En définitive
4%
Conclusion Bref
3%
Comparaison De même que
2%
Cause Etant donné que
2%
Quel que soit Bien sûr
1%
Comparaison Comme si
1%
But De peur que
1%
Cause En raison de
1%
Conclusion En résumé
1%
Conclusion En un mot
1%
But En vue de
1%
Quel que soit Evidemment
1%
Cause Grâce à
1%
Comparaison Pareillement
1%
Quel que soit Quoique
1%
Comparaison Selon que
1%
Comparaison Si que
1%
Alternative Soit ou
1%
Cause Sous prétexte que
1%
Alternative Tantôt tantôt
1%
Cause Vu que
1%
Cause Attendu que
0%
Comparaison Aussi que
0%
Quel que soit Ce n'est pas que
0%
Cause Dans la mesure où
0%
But De façon que
0%
Comparaison De la même façon que
0%
Cause Du fait que
0%
Alternative D'un coté de l'autre
0%
Quel que soit En dépit de
0%
Conclusion En guise de conclusion
0%
Cause Eu égard à
0%
Quel que soit Il est vrai que
0%
Alternative L'un l'autre
0%
Comparaison Non moins que
0%
Addition Non seulement mais encore
0%
Alternative Ou ou
0%
Cause Par suite de
0%
Comparaison Semblablement
0%
Alternative Seulement mais encore
0%
Comparaison Suivant que
0%
Aucun quiz correspondant
Distribution des résultats
% des personnes avec chaque résultat
Percentile par nombre de réponses
Votre historique - résultats
Vous n’avez pas pris ce quiz